000 00669nam a2200217Ia 4500
003 BUBTL
008 151213s9999 xx 000 0 und d
020 _a0-13-451865-9
082 _a658.8480973/GOI
100 _aHoward R. Goldsmith
_92550
245 _aImport Export : A Guide to Growth , Profits & Market Share
_cHoward R. Goldsmith
260 _aNew Jersy
_bPrentic Hall
_c1997
300 _a[xi],484p.:
_bill, Table ; 23cm.
_cMarketing.
521 _aIncludes Index.
650 _aMarketing
_92551
650 _aMarketing
_92551
700 _aHoward R. Goldsmith
_92550
856 _k0
_l0
_yDownload
942 _2ddc
_cBK
999 _c2012
_d2012